Quick Pick: HGTV Shows Quiz Stats

 Plays Quiz Updated Sep 6, 2017

Challenge
Share
Tweet
Embed
Score 0/14 Timer 01:30
1 Play Today
% Correct
Flop
93.4%
Fixer
92.1%
Tiny
91.2%
List
90.9%
Dime
90.1%
House
88%
Holmes
85.7%
% Correct
Desperate
85.6%
Brothers
78.1%
Market
75.5%
Renovation
69.6%
Addict
64%
Antonio
54.1%
101
41.6%

Today's Daily Dose

You're not logged in!

Compare scores with friends on all Sporcle quizzes.
OR
Log In

You Might Also Like...

Show Comments

Extras

Top Quizzes Today


Score Distribution

Your Account Isn't Verified!

In order to create a playlist on Sporcle, you need to verify the email address you used during registration. Go to your Sporcle Settings to finish the process.

Report this User

Report this user for behavior that violates our Community Guidelines.

Details: